Bulharsko

Hospodársko-ekonomická charakteristika Bulharska. Vzťahy Českej republiky a Bulharska. Perspektívne trhové sektory a komodity. Vzájomný obchod Českej republiky a Bulharska.

Saved in:
Bibliographic Details
Main Author: Pudil, Leopold
Format: Book Chapter
Language:Czech
Subjects:
Tags: Add Tag
No Tags, Be the first to tag this record!

MARC

LEADER 00000naa a2200000 4500
001 r032256
005 20230920094939.4
041 0 |a cze 
044 |a CZ 
245 1 0 |a Bulharsko  |c Leopold Pudil 
520 |a Hospodársko-ekonomická charakteristika Bulharska. Vzťahy Českej republiky a Bulharska. Perspektívne trhové sektory a komodity. Vzájomný obchod Českej republiky a Bulharska. 
610 2 0 |a obchod zahraničný 
610 2 0 |a Bulharsko 
610 2 0 |a Česko 
610 2 0 |a privatizácia 
610 2 0 |a inflácia 
610 2 0 |a dovoz 
610 2 0 |a vývoz 
610 2 0 |a bilancia obchodná 
610 2 0 |a komodity 
100 1 |a Pudil, Leopold